书目信息 |
| 题名: |
块数据4.0
|
|
| 作者: | 连玉明 主编 ;大数据战略重点实验室 著 | |
| 分册: | ||
| 出版信息: | 北京 中信出版集团股份有限公司 2018 |
|
| 页数: | 352页 | |
| 开本: | 21cm | |
| 丛书名: | ||
| 单 册: | ||
| 中图分类: | F2-39 | |
| 科图分类: | ||
| 主题词: | 经济管理--数据管理--通俗读物 | |
| 电子资源: | ||
| ISBN: | 978-7-5086-8886-2 | |
| 000 | 01128nam0 2200277 450 | |
| 001 | 1864673658 | |
| 005 | 20180524093512.97 | |
| 010 | @a978-7-5086-8886-2@b精装@dCNY59.00 | |
| 100 | @a20180713d2018 em y0chiy50 ea | |
| 101 | 0 | @achi |
| 102 | @aCN@b110000 | |
| 105 | @aa z 001yy | |
| 106 | @ar | |
| 200 | 1 | @a块数据4.0@Akuai shu ju 4.0@e人工智能时代的激活数据学@f大数据战略重点实验室著@g |
| 210 | @a北京@c中信出版集团股份有限公司@d2018 | |
| 215 | @a352页@c图@d21cm | |
| 314 | @a主编取自编委会名单 | |
| 330 | @a本书是经济数据管理通俗读物,共分为9章,主要内容有:超数据时代的数据拥堵;激活数据学:基于块数据理论的解决方案;数据搜索:智能感知;关联融合:智能聚合;自激活:智能决策;热点减量化:智能筛选;群体智能:智能碰撞;激活数据学的应用场景等。 | |
| 517 | 1 | @a人工智能时代的激活数据学@Aren gong zhi neng shi dai de ji huo shu ju xue |
| 606 | 0 | @a经济管理@x数据管理@j通俗读物 |
| 690 | @aF2-39@v5 | |
| 701 | 0 | @a连玉明@Alian yu ming@4主编 |
| 712 | 02 | @a大数据战略重点实验室@Ada shu ju zhan lue zhong dian shi yan shi@4著 |
| 801 | 0 | @aCN@b辽批@c20180713@g |
| 905 | @aBZT@dF2-39@e1 | |
| 906 | @dCNY59.00@n3@r1 | |
| 块数据4.0:人工智能时代的激活数据学/大数据战略重点实验室著.-北京:中信出版集团股份有限公司,2018 |
| 352页:图;21cm |
| ISBN 978-7-5086-8886-2(精装):CNY59.00 |
| 本书是经济数据管理通俗读物,共分为9章,主要内容有:超数据时代的数据拥堵;激活数据学:基于块数据理论的解决方案;数据搜索:智能感知;关联融合:智能聚合;自激活:智能决策;热点减量化:智能筛选;群体智能:智能碰撞;激活数据学的应用场景等。 |
| ● |
| 相关链接 |
|
|
|
正题名:块数据4.0
索取号:F2-39/1
 
预约/预借
| 序号 | 登录号 | 条形码 | 馆藏地/架位号 | 状态 | 备注 |
| 1 | 855145 | 2000855145 | 第二书库/ [索取号:F2-39/1] | 在馆 | |
| 2 | 855146 | 2000855146 | 第二书库/ [索取号:F2-39/1] | 在馆 | |
| 3 | 855147 | 2000855147 | 第二书库/ [索取号:F2-39/1] | 在馆 |